| 000 | 00817nam a22002297a 4500 | ||
|---|---|---|---|
| 005 | 20180813154217.0 | ||
| 010 | _aENG-123722 | ||
| 020 |
_a9780199467068 _c695.00 |
||
| 035 | _aEN-107254 | ||
| 037 | _bDBAD/PUB | ||
| 082 | _a338.5024658 | ||
| 100 | _aSalvatore, Dominick | ||
| 245 |
_aManagerial economics: _cby Dominick Salvatore [and] Siddhartha K. Rastogi _bprincipes and worldwide applications / |
||
| 250 | _a18th ed. | ||
| 260 |
_c2016 _aNew Delhi _bOxford University Press |
||
| 270 |
_aYMCA Library Building, 1 Jai Singh Road, _bNew Delhi _e110001 |
||
| 300 |
_c25cm(pbk) _axxiii,613p. _bill. |
||
| 500 | _aIt include appendix, glossary and index | ||
| 500 | _aOnline Resources for teachers and students | ||
| 700 | _aRastogi, Siddhartha K. | ||
| 942 |
_cEN _2ddc _mSAL _h33.5024658 |
||
| 999 |
_c155844 _d155844 |
||